00326nam a2200121Ia 4500008004100000082001500041100001800056245003500074260003900109300001000148630001800158650002800176211109s9999||||xx |||||||||||||| ||und|| a580bMAH-P aMaheshwari, P 0aPinus Botanical Monograph No.7 bNATIONAL BOOKSTALLaKottayamc1969 a130p. xGeneral Stack aPlantsvBotanyGeneralia